000 00734nam a2200241 a 4500
005 20140310183437.0
008 080206s19uu xx 00 eng d
020 _a9781844804924
050 _aHF 5681.V3
_b.P156 2007
100 _aPalepu, Krishna G.
245 _aBusiness analysis and valuation :
_btext and cases /
_cKrishna G. Palepu
260 _aAustralia :
_bThomson,
_c2007.
300 _a788 p. :
_bcol. ill. ;
_c26 cm.
521 _aBSBA
650 _aBusiness enterprises
_xValuation.
650 _aFinancial statements.
650 _aBusiness enterprises
_xValuation
_xCase studies.
700 _aHealy, Paul M.
700 _aBernard, Victor L.
700 _aPeek, Erik
942 _cBK
_2lcc
_kFOR
999 _c22992
_d22992